Australian Citizenship Test - Statistics

General Stats
  • This quiz has been taken 130 times
  • The average score is 9 of 20
Answer Stats
Question Answer % Correct
What is the legal age to vote? 18
93%
What are the colours of the Australian Aboriginal flag? Black, red and yellow
78%
Equality in Australia is exemplified by men and women having the same... rights
69%
Who elects the Members of Parliament? The people
59%
Who can apply for an Australian passport? Australian citizens
58%
What is the name of the legal document that sets out the rules for the government of Australia? The Australian Constitution
57%
What is Australia's state religion? There is none
54%
Who maintains peace and order in Australia? Police
53%
What happened on January 1 1901? Independence from British Empire
50%
What is the name of a proposal to make a law in Parliament? A Bill
40%
What do we remember on ANZAC Day? Landing of ANZAC troops at Gallipoli
39%
Which candidates can an eligible voter vote for? Any
38%
What is the name given to the party or coalition of parties with the second largest number of members in the House of Representatives? The Opposition
38%
What is the only method of changing ^? A referendum
35%
Which states have their own constitution? All of them
33%
In Australia, people can peacefully protest against government decisions. This is an example of... freedom of speech
33%
Which official symbol of Australia identifies Commonwealth property? Commonwealth Coat of Arms
29%
Which arm of government has the power to interpret and apply laws? Judicial
25%
Australians over the age of ^ must also be eligible for ___ ___. Jury duty
10%
What is the role of the Governor-General? Sign bills passed by the Australian Parliament
4%
No matching quizzes found
Score Distribution
Percent of People with Each Score
Percentile by Number Answered
Your Score History
You have not taken this quiz